000 00639nam a2200277Ia 4500
005 20260324130231.0
008 008 260324s9999 xx 000 0 eng d
020 _a9781843926726
037 _aEBOOK
040 _aCRL
040 _beng
040 _cCRL
041 _2eng
041 _aeng
084 _qCRL
100 _aSteve Tombs; Rory O'Neill; Dave Whyte
_91181005
245 0 _aSafety Crimes
260 _bTaylor and Francis
260 _c2008
365 _a
365 _b280
856 _uhttp://www.taylorfrancis.com/books/9781843926726
942 _cEBOOK
999 _c1777001
_d1777001